Spelling WW.42 - Statistics

General Stats
  • This quiz has been taken 36 times
  • The average score is 10 of 21
Answer Stats
Hint Answer % Correct
when you grab something airborne catch
85%
a person thought to have magic powers witch
80%
a rough drawing sketch
65%
a location by the ocean beach
60%
the midday meal lunch
60%
a small stick you ‘strike’ to produce fire match
50%
the quality of a sound based on vibrations pitch
50%
the sitting area in front of a house porch
50%
something trees have branch
45%
a sound made my crushing something crunch
45%
stretching to get reach
45%
a place you sit bench
40%
someone who helps you improve coach
40%
a cabin or hut hutch
40%
something that provides light torch
40%
to get something fetch
35%
a deep valley gulch
35%
a type of bug roach
35%
a type of scream screech
35%
to change switch
35%
talking speech
30%
No matching quizzes found
Score Distribution
Percent of People with Each Score
Percentile by Number Answered
Your Score History
You have not taken this quiz